Instructor's Manual and Test Bank to Accompany Strategic Management. Concepts of Strategic Management. Cases in Strategic Management

Na minha lista:
Detalhes bibliográficos
Autor principal: David, Fred R.
Formato: Livro
Idioma:inglês
Publicado em: Columbus Merrill Publ. Co. 1989
Edição:1. ed.
Assuntos:
Tags: Adicionar Tag
Sem tags, seja o primeiro a adicionar uma tag!

MARC

LEADER 00000nam a2200000 4500
001 c012829
005 20221206131344.9
041 0 |a eng 
044 |a US 
245 1 0 |a Instructor's Manual and Test Bank to Accompany  |b Strategic Management. Concepts of Strategic Management. Cases in Strategic Management  |c Fred R. David 
250 |a 1. ed. 
264 1 |a Columbus  |b Merrill Publ. Co.  |c 1989 
300 |a 577 s. 
610 2 0 |a manažment 
610 2 0 |a manažment strategický 
610 2 0 |a riadenie strategické 
610 2 0 |a riadenie podnikové 
610 2 0 |a politika obchodná 
610 2 0 |a priemysel 
610 2 0 |a koncepcie 
100 1 |a David, Fred R.